Loading...
| Fine Arts - Classical Music | 0 | 7 | 2 | 0 | 60 | 88 | 113.86 | 0 | 3 | 8.38 | 27.55 |
| Religion | 0 | 5 | 0 | 0 | 50 | 80 | 109.40 | 0 | 1 | 5.99 | 21.99 |
| Fine Arts - Other | 0 | 4 | 0 | 1 | 40 | 76 | 122.25 | 1 | 1 | 3.50 | 12.40 |
| Literature - European | 0 | 3 | 0 | 1 | 30 | 113 | 129.33 | 0 | 0 | 2.05 | 9.73 |
| Geography | 0 | 3 | 0 | 0 | 30 | 43 | 105.33 | 1 | 1 | 10.78 | 29.33 |
| Literature - British | 0 | 3 | 0 | 1 | 30 | 113 | 127.00 | 0 | 0 | 1.58 | 8.88 |
| History - Other | 0 | 2 | 0 | 1 | 20 | 129 | 132.00 | 0 | 0 | -0.18 | 1.20 |
| History - American | 0 | 2 | 0 | 0 | 20 | 118 | 128.00 | 0 | 0 | 0.24 | 2.77 |
| History - European | 0 | 2 | 0 | 1 | 20 | 95 | 110.00 | 0 | 0 | 1.84 | 7.11 |
| Social Science | 0 | 1 | 0 | 0 | 10 | 71 | 71.00 | 0 | 0 | 2.46 | 4.90 |
| Literature - American | 0 | 1 | 0 | 0 | 10 | 90 | 90.00 | 0 | 0 | 2.15 | 3.68 |
| Literature - World | 0 | 1 | 0 | 1 | 10 | 135 | 135.00 | 0 | 0 | 0.00 | 0.93 |
| Current Events | 0 | 1 | 1 | 0 | 5 | 91 | 91.00 | 0 | 0 | 3.99 | 7.87 |
| Science - Biology | 0 | 0 | 0 | 0 | 0 | 0.00 | 0 | 0 | 0.00 | 0.00 | |
| Science - Other | 0 | 0 | 1 | 0 | -5 | 0.00 | 0 | 0 | 0.00 | 0.00 | |
| Other Academic | 0 | 0 | 2 | 0 | -10 | 0.00 | 0 | 0 | 0.00 | 0.00 |